| 000 | 00342 a2200109 4500 | ||
|---|---|---|---|
| 001 | ART_45757 | ||
| 005 | 20260410161943.0 | ||
| 008 | 260409a | ||
| 245 | 1 | 0 | _aProcedimientos pacíficos de solución de conflictos laborales |
| 100 | 1 | _aFavier, Daniela | |
| 773 | 0 |
_tTemas de derecho laboral _g- Nº 3 (mar. 2018) _wREV27619 |
|
| 999 |
_c29701 _d29701 |
||